| 000 | 00698cam a22002411a 4500 | ||
|---|---|---|---|
| 001 | sa 66003658 | ||
| 003 | DLC | ||
| 005 | 20260227112237.0 | ||
| 008 | 890921s1964 ii a b 000 0 hino | ||
| 010 | _asa 66003658 | ||
| 035 | _a(OCoLC)20376746 | ||
| 040 |
_aDLC _cWaU _dWU _dDLC |
||
| 042 | _apremarc | ||
| 050 | 0 | 0 |
_aP121 _b.D9 |
| 100 | 1 |
_aDvivedī, Devīśaṅkara, _d1937- |
|
| 245 | 1 | 0 |
_aBhāshā aura bhāshikī / _cl̄ekhaka Devi Shanker Dwivedi. |
| 250 | _a1st ed. | ||
| 260 |
_aĀgar̄a : _bLaksmīnārāyan Agrawala, _c[1964] |
||
| 300 |
_a3, 4, 188 p. _bill. _c22 cm. |
||
| 500 | _aIn Hindi. | ||
| 504 | _aIncludes bibliographical references. | ||
| 650 | 0 | _aLanguage and languages. | |
| 999 |
_c69038 _d69038 |
||